Formula One: Drivers Who Have Always Beaten Their Teammate - Statistics

General Stats
  • This quiz has been taken 281 times
    279 since last reset
  • The average score is 8 of 26
Answer Stats
Country Driver Active years % Correct
Finland Valtteri Bottas 2013-
87%
Finland Mika Salo 1994-2000, 2002
60%
Brazil Felipe Nasr 2015-2016
51%
Hungary Zsolt Baumgartner 2003-2004
49%
India Karun Chandhok 2010-2011
48%
Portugal Tiago Monteiro 2005-2006
48%
Belgium Jerome d'Ambrosio 2011-2012
41%
Germany Pascal Wehrlein 2016-
41%
France Jules Bianchi 2013-2014
36%
United Kingdom Graham Hill 1958-1975
35%
United Kingdom James Hunt 1973-1979
34%
Spain Marc Gené 1999-2000, 2003-2004
33%
Japan Sakon Yamamoto 2006-2007, 2010
33%
Chile Eliseo Salazar 1981-1983
32%
Spain Roberto Merhi 2015
28%
Brazil Christian Fittipaldi 1992-1994
27%
Brazil Lucas di Grassi 2010
26%
Austria Karl Wendlinger 1991-1995
24%
France Jean-Pierre Beltoise 1967-1974
19%
Italy Nicola Larini 1987-1992, 1994, 1997
19%
United Kingdom Justin Wilson 2003
16%
Italy Corrado Fabi 1983-1984
13%
Switzerland Gregor Foitek 1989-1990
10%
Germany Bernd Schneider 1988-1990
9%
Brazil Chico Serra 1981-1983
9%
Italy Stefano Modena 1987-1992
9%
No matching quizzes found
Score Distribution
Percent of People with Each Score
Percentile by Number Answered
Your Score History
You have not taken this quiz since the last reset